[Event "ch-AUS"]
[Site "Melbourne AUS"]
[Date "2001.12.30"]
[Round "3"]
[White "Chow,S"]
[Black "Sandler,L"]
[Result "1/2-1/2"]
[WhiteElo "2120"]
[BlackElo "2404"]

1.e4 c5 2.c3 Nf6 3.e5 Nd5 4.d4 cxd4 5.Nf3 Nc6 6.cxd4 d6 7.Bc4 Nb6 8.Bb5 dxe5
9.Nxe5 Bd7 10.Bxc6 Bxc6 11.Nxc6 bxc6 12.O-O e6 13.Nc3 Be7 14.Be3 O-O 15.Qe2 Nd5
16.Rac1 Qa5 17.a3 Rab8 18.Ne4 Rfc8 19.Nc5 Qb5 20.Rc2 Qxe2 21.Rxe2 Bxc5 22.dxc5 Rb3
23.Bd4 Rd3 24.Be5 f6 25.Bd6 e5 26.g3 g5 27.Kg2 Kf7 28.Re4 Rd2 29.Rb1 a6 30.Ra4 Ra8
31.Ra5 Ne3+ 32.Kf3 Nc4 33.Ra4 Nxd6 34.cxd6 Rxd6 35.Rc1 Ke6 36.Rc5 Kd7 37.Rca5 Rd3+
38.Kg2 Rb3 39.Rxa6 Rxa6 40.Rxa6 Rxb2 41.Ra7+ Kd6 42.Rxh7 c5 43.h4 gxh4 44.gxh4 c4
45.h5 Rb8 46.Kf3 Rb3+ 47.Ke2 Rxa3 48.h6 Rh3 49.Rh8 Ke6 50.h7 Kf5 51.Rc8 Rxh7
52.Rxc4 Ra7 53.f3 Ra3 54.Rb4 Kg5 55.Rg4+ Kf5 56.Rb4 Kg6 57.Rg4+ Kf7 58.Rb4 Ke6
59.Rb6+ Kf5 60.Rb4 Ra5 61.Ke3 Ra6  1/2-1/2

[Event "ch-AUS"]
[Site "Melbourne AUS"]
[Date "2001.12.31"]
[Round "4"]
[White "Chow,S"]
[Black "Feldman,V"]
[Result "1/2-1/2"]
[WhiteElo "2120"]
[BlackElo "2346"]

1.e4 c5 2.c3 Nf6 3.e5 Nd5 4.d4 cxd4 5.Nf3 Nc6 6.cxd4 d6 7.Bc4 e6 8.Qe2 dxe5
9.dxe5 Nb6 10.Bb3 Be7 11.O-O Qc7 12.Nc3 a6 13.a3 Nd7 14.Re1 h6 15.Bd2 g5
16.h3 Rg8 17.Rad1 h5 18.Bc1 g4 19.hxg4 hxg4 20.Nd4 Nxd4 21.Rxd4 Qb6 22.Qd1 g3
23.Be3 gxf2+ 24.Bxf2 Bc5 25.Na4 Qc6 26.Rg4 Bxf2+ 27.Kxf2 Rxg4 28.Qxg4 b5
29.Rh1 Bb7 30.Rh8+ Nf8 31.Qg7 O-O-O 32.Rxf8 bxa4 33.Rxd8+ Kxd8 34.Bd1 Qc5+  1/2-1/2

[Event "109th ch-NZL"]
[Site "Christchurch NZL"]
[Date "2002.01.03"]
[Round "6"]
[White "Spain,G"]
[Black "Wastney,S"]
[Result "1/2-1/2"]
[WhiteElo "2167"]
[BlackElo "2281"]

1.e4 c5 2.c3 Nf6 3.e5 Nd5 4.d4 cxd4 5.Nf3 e6 6.cxd4 d6 7.a3 Bd7 8.Bd3 Bc6
9.O-O Nd7 10.b4 a6 11.Re1 Qc7 12.Nbd2 Nc3 13.Qc2 Ba4 14.Qb2 Nd1 15.Qb1 Nc3
16.Qb2 Nb6 17.Ne4 Nxe4 18.Bxe4 d5 19.Bd3 Bb5 20.Qe2 Bxd3 21.Qxd3 Rc8 22.Bf4 Qc2
23.Qxc2 Rxc2 24.Rec1 Rxc1+ 25.Rxc1 Nc4 26.Nd2 b5 27.Nxc4 bxc4 28.Rb1 Kd7
29.Bd2 Be7 30.a4 Rc8 31.Bc3 f6 32.f4 Rf8 33.Rf1 Kc6 34.g3 fxe5 35.fxe5 Kb6
36.Rxf8 Bxf8 37.Kf2 a5 38.b5 Bb4 39.Ba1 Kc7 40.Ke2 Kd7 41.Kd1 h5 42.h3 Kc7
43.Kc2 Kb6 44.Bc3 Be7 45.g4 hxg4 46.hxg4 Bb4 47.Kb2 Be7 48.Kc2 Bd8 49.Kd1 Kb7
50.Kc2 Kc8 51.Kd1 Kd7 52.Kc2 Bb6 53.g5 g6 54.Kb2 Kc7 55.Kc2 Kb7 56.Bb2  1/2-1/2

[Event "109th ch-NZL"]
[Site "Christchurch NZL"]
[Date "2002.01.04"]
[Round "7"]
[White "Ker,A"]
[Black "Garbett,P"]
[Result "1-0"]
[WhiteElo "2320"]
[BlackElo "2359"]

1.e4 c5 2.c3 Nf6 3.e5 Nd5 4.d4 cxd4 5.cxd4 d6 6.Nf3 e6 7.a3 Bd7 8.Bd3 Bc6
9.O-O Nd7 10.b4 a6 11.Re1 Rc8 12.Bb2 dxe5 13.dxe5 Nf4 14.Bf1 Nb6 15.Qb3 Ba4
16.Qe3 Nbd5 17.Qd4 Qb6 18.Qxb6 Nxb6 19.Nc3 Bd7 20.g3 Nfd5 21.Ne4 Be7 22.Bd4 O-O
23.Bc5 Bxc5 24.Nxc5 Rc7 25.Ng5 Na4 26.Nge4 Nxc5 27.Nxc5 Ra8 28.Nxd7 Rxd7
29.Rac1 Kf8 30.Red1 Rad8 31.Bg2 Ke7 32.Rd4 Nb6 33.Rxd7+ Rxd7 34.Kf1 Kd8 35.Ke2 h5
36.f4 Nd5 37.Rc5 Nb6 38.Rc3 Rc7 39.Rxc7 Kxc7 40.Kd3 g6 41.Kd4 Nc8 42.a4 Nb6
43.a5 Nc8 44.Kc5 Na7 45.Bf1 Nc6 46.Bd3 Na7 47.Bc2 Nc6 48.Ba4 Ne7 49.Be8 h4
50.Bxf7 hxg3 51.hxg3 Nf5 52.g4 Ne3 53.Bxe6 Ng2 54.f5  1-0

[Event "Troll Masters"]
[Site "Gausdal NOR"]
[Date "2002.01.05"]
[Round "2"]
[White "Pedersen,O"]
[Black "Royset,P"]
[Result "0-1"]
[WhiteElo "2054"]
[BlackElo "2280"]

1.e4 c5 2.c3 Nf6 3.e5 Nd5 4.d4 cxd4 5.cxd4 e6 6.Nf3 b6 7.Bc4 Bb7 8.O-O Be7
9.Nc3 Nxc3 10.bxc3 Nc6 11.Bd2 Rc8 12.Bd3 Na5 13.Qe2 Bd5 14.Ba6 Rc7 15.Rfc1 Nc4
16.Be3 Qa8 17.Ne1 O-O 18.f3 Qc6 19.Bxc4 Bxc4 20.Qb2 Qa4 21.Qc2 Qa3 22.Bd2 Rfc8
23.f4 Bd5 24.f5 b5 25.Qd3 Qa4 26.f6 gxf6 27.Bh6 Kh8 28.exf6 Bxf6 29.Qg3 Rxc3
30.Rxc3 Qxd4+ 31.Kh1 Qxc3 32.Rc1 Qxg3 33.Rxc8+ Qg8  0-1

[Event "Keres Mem Rapid"]
[Site "Tallinn EST"]
[Date "2002.01.05"]
[Round "1"]
[White "Sveshnikov,E"]
[Black "Van Wely,L"]
[Result "1-0"]
[WhiteElo "2565"]
[BlackElo "2697"]

1.e4 c5 2.c3 Nf6 3.e5 Nd5 4.Nf3 Nc6 5.Bc4 Nb6 6.Bb5 a6 7.Be2 d6 8.exd6 Qxd6
9.O-O g6 10.d3 Bg7 11.Nbd2 Qc7 12.Ne4 Nd7 13.Be3 b6 14.d4 cxd4 15.cxd4 Bb7
16.Rc1 Qb8 17.Qd2 O-O 18.Bf4 Qd8 19.Rfd1 Rc8 20.d5 Nce5 21.Rxc8 Qxc8 22.Nc3 Nc4
23.Bxc4 Qxc4 24.Bh6 Bxc3 25.bxc3 Re8 26.Bg5 Nc5 27.h3 Ne4 28.Qf4 Qe2 29.Rf1 f6
30.Nd4 Qd3 31.Bh6 Nxc3 32.Re1 Nxd5 33.Qg4 Bc8 34.Qh4 e5 35.Nc6 Bb7 36.Nb4 Qc3
37.Nxd5 Qxe1+ 38.Kh2 Re6 39.Nxf6+ Kf7 40.Nxh7 Ke8 41.Qc4 Rd6 42.Qc7 Qe4 43.f3 Qc6
44.Qg7 Kd8 45.Nf6 Kc8 46.Ne4 Rd7  1-0

[Event "Keres Mem Rapid"]
[Site "Tallinn EST"]
[Date "2002.01.05"]
[Round "3"]
[White "Sveshnikov,E"]
[Black "Rytshagov,M"]
[Result "1/2-1/2"]
[WhiteElo "2565"]
[BlackElo "2513"]

1.e4 c5 2.c3 Nf6 3.e5 Nd5 4.Nf3 Nc6 5.Bc4 Nb6 6.Bb3 d6 7.exd6 Qxd6 8.O-O Be6
9.Na3 Bxb3 10.axb3 Qd3 11.Re1 e6 12.Re3 Qd7 13.Nc4 Nxc4 14.bxc4 Rd8 15.Qa4 Be7
16.Rb1 O-O 17.b4 b6 18.bxc5 Bxc5 19.Re1 e5 20.Ba3 Bxa3 21.Qxa3 Rfe8 22.d4  1/2-1/2

[Event "TCh-BEL 2001-2"]
[Site "Belgium BEL"]
[Date "2002.01.06"]
[Round "6"]
[White "Croonenborghs,T"]
[Black "Hautot,S"]
[Result "0-1"]
[WhiteElo "2173"]
[BlackElo "2274"]

1.e4 c5 2.c3 Nf6 3.e5 Nd5 4.d4 cxd4 5.Nf3 Nc6 6.Bc4 Nb6 7.Bb3 d6 8.exd6 Qxd6
9.O-O Be6 10.Na3 dxc3 11.Nb5 Qxd1 12.Rxd1 Rc8 13.Bxe6 fxe6 14.bxc3 g6 15.Rb1 Nc4
16.Nbd4 Nxd4 17.cxd4 b6 18.Re1 Kd7 19.Ng5 Rc6 20.Nf7 Rg8 21.Bg5 Ke8 22.Ne5 Nxe5
23.dxe5 Bg7 24.Re4 Rf8 25.Be3 Kf7 26.Rf4+ Kg8 27.Ra4 Rc7 28.f4 g5 29.g3 gxf4
30.gxf4 Kf7 31.Rb3 Bh6 32.Rba3 Rc2 33.Rxa7 Rg8+ 34.Kf1 Rgg2 35.Rd7 Rxh2 36.Kg1 Rcg2+
37.Kf1 Rxa2 38.Rxa2 Rxa2 39.Bxb6 Bxf4 40.Bc5 Bg5 41.Rd3 Kg6 42.Rf3 h5  0-1

[Event "Keres Mem Rapid"]
[Site "Tallinn EST"]
[Date "2002.01.06"]
[Round "4"]
[White "Sveshnikov,E"]
[Black "Gavrikov,Vi"]
[Result "1/2-1/2"]
[WhiteElo "2565"]
[BlackElo "2578"]

1.e4 c5 2.c3 Nf6 3.e5 Nd5 4.Nf3 Nc6 5.Bc4 Nb6 6.Bb3 c4 7.Bc2 g6 8.Qe2 d5
9.exd6 Qxd6 10.Na3 Be6 11.b3 cxb3 12.axb3 Bg7 13.d4 O-O 14.O-O Bg4 15.Be4 Qe6
16.Nc4 Nd5 17.Bd2 Nf6 18.Bd3 Qxe2 19.Bxe2 Ne4 20.Rfe1 Nxd2 21.Nfxd2 Bxe2
22.Rxe2 Rfd8 23.Nf3 Rac8 24.h4 Rc7 25.Re3 a6 26.Nce5 e6 27.Nxc6 Rxc6 28.Ne5 Rc7
29.b4 Rd5 30.g3 Kf8 31.Kg2 Ke7 32.f4 Rd6 33.Ra3 Rd8 34.Kf2 Rdc8 35.Kg2 Kf8
36.Nf3 Bf6 37.Ne5 Be7 38.Kf3 Kg7 39.Kg2 h6 40.Nf3 a5 41.Rxa5 Rxc3 42.Rxc3 Rxc3
43.Rb5 Rc2+ 44.Kf1 Rc7 45.Ke2 Kf8 46.Kd3 Ke8 47.Ne5 h5 48.Nc4 Kd7 49.Ne5+ Ke8
50.Nc4 Kd7  1/2-1/2

[Event "109th ch-NZL"]
[Site "Christchurch NZL"]
[Date "2002.01.08"]
[Round "10"]
[White "Ker,A"]
[Black "Haag,M"]
[Result "1/2-1/2"]
[WhiteElo "2320"]
[BlackElo "2317"]

1.e4 c5 2.c3 Nf6 3.e5 Nd5 4.d4 cxd4 5.cxd4 d6 6.Nf3 Nc6 7.Bc4 Nb6 8.Bb5 dxe5
9.Nxe5 Bd7 10.Nc3 Nxe5 11.dxe5 Bxb5 12.Nxb5 Qxd1+ 13.Kxd1 Nd5 14.Ke2 e6 15.Rd1 Bc5
16.Rxd5 exd5 17.Nc7+ Kd7 18.Nxa8 Rxa8 19.Be3 Bxe3 20.Kxe3 Rc8 21.Kd3 Ke6
22.f4 h5 23.g3 Rc6 24.Rf1 Ra6 25.a3 Rc6 26.Rg1  1/2-1/2

[Event "Troll Masters"]
[Site "Gausdal NOR"]
[Date "2002.01.08"]
[Round "5"]
[White "Molander,R"]
[Black "Pedersen,O"]
[Result "1-0"]
[WhiteElo "2310"]
[BlackElo "2054"]

1.e4 c5 2.c3 Nf6 3.e5 Nd5 4.g3 e6 5.Bg2 d6 6.exd6 Bxd6 7.Nf3 O-O 8.O-O Nc6
9.d4 cxd4 10.Nxd4 Nxd4 11.Qxd4 Qb6 12.Qxb6 Nxb6 13.Rd1 Rd8 14.Bf4 Be7 15.Rxd8+ Bxd8
16.Na3 Nd5 17.Rd1 Bd7 18.c4 Nxf4 19.Rxd7 Nxg2 20.Kxg2 Rb8 21.Nb5 Kf8 22.Nd6 Be7
23.Nxb7 Ke8 24.Rc7 a6 25.b3 f5 26.Na5 Bf6 27.Nc6 Rb6 28.c5 Rb5 29.b4 Bd8
30.Rxg7 a5 31.a4 axb4 32.axb5 b3 33.Rg8+  1-0

[Event "Troll Masters"]
[Site "Gausdal NOR"]
[Date "2002.01.10"]
[Round "8"]
[White "Rause,O"]
[Black "Karlsen,T"]
[Result "0-1"]
[WhiteElo "2234"]
[BlackElo "2108"]

1.e4 c5 2.c3 Nf6 3.e5 Nd5 4.d4 cxd4 5.Nf3 Nc6 6.cxd4 d6 7.Bc4 Nb6 8.Bb3 d5
9.Nc3 Bg4 10.Be3 e6 11.h3 Bh5 12.Qe2 a6 13.O-O Be7 14.a3 O-O 15.g4 Bg6 16.Ne1 Rc8
17.f4 Qd7 18.Rd1 Na5 19.Ba2 Rxc3 20.bxc3 Rc8 21.Bd2 Na4 22.c4 Nxc4 23.Bb4 Bxb4
24.axb4 Nc3 25.Qf3 Nxd1  0-1

[Event "TCh-ISR"]
[Site "ISR"]
[Date "2002.01.18"]
[Round "2"]
[White "Erenburg,S"]
[Black "Zilberman,Y"]
[Result "1-0"]
[WhiteElo "2436"]
[BlackElo "2466"]

1.e4 c5 2.c3 Nf6 3.e5 Nd5 4.d4 cxd4 5.Nf3 e6 6.cxd4 b6 7.Nc3 Nxc3 8.bxc3 Qc7
9.Bd2 d6 10.Bb5+ Bd7 11.a4 Be7 12.O-O O-O 13.Bd3 Bc6 14.Bg5 Bxg5 15.Nxg5 h6
16.Nh7 Rd8 17.Nf6+ gxf6 18.exf6 Kf8 19.Qg4 Nd7 20.Qg7+ Ke8 21.c4 d5 22.cxd5 Bxd5
23.Qg8+ Nf8 24.Rac1 Qd6 25.Bb5+ Rd7 26.Rc3 Rd8 27.Rfc1 Bb7 28.Rc7 Qa3 29.Rf1 Qd6
30.Rxb7  1-0

[Event "Cup"]
[Site "Kali HUN"]
[Date "2002.01.19"]
[Round "3"]
[White "Fodre,S"]
[Black "Majeric,Z"]
[Result "0-1"]
[WhiteElo "2207"]
[BlackElo "2337"]

1.e4 c5 2.c3 Nf6 3.e5 Nd5 4.d4 cxd4 5.Nf3 e6 6.cxd4 d6 7.Bc4 Nc6 8.Qe2 Be7
9.O-O O-O 10.Rd1 Bd7 11.Bd2 Nb6 12.Bb3 d5 13.a3 Rc8 14.Bc3 Qe8 15.Nbd2 a6
16.Bc2 Na7 17.Qd3 g6 18.Nf1 Nb5 19.Bd2 Nc4 20.Bc1 f5 21.exf6 Rxf6 22.a4 Na7
23.b3 Nd6 24.Ne5 Ne4 25.f3 Nd6 26.Bg5 Rf8 27.Bh6 Rf6 28.Bg5 Rf5 29.Bxe7 Qxe7
30.Ng3 Rff8 31.Rac1 Nc6 32.Nxd7 Qxd7 33.Re1 Nf5 34.Nxf5 exf5 35.Qd2 Qd6 36.Rcd1 Rfe8
37.g3 Rxe1+ 38.Rxe1 Qf6 39.Rd1 a5 40.Qc3 f4 41.Rd2 Qe6 42.Bd1 Nb4 43.Re2 Rxc3
44.Rxe6 Rc1 45.Re1 Nc2 46.Kf2 Nxe1 47.Kxe1 fxg3 48.hxg3 g5 49.Kd2 Rc7 50.f4 gxf4
51.gxf4 Kf7 52.Bf3 Ke6 53.Kd3 Kf5 54.Bxd5 Kxf4 55.Be6 h5 56.Bh3 h4 57.Be6 Rh7
58.Kc4 h3 59.Bd5 h2 60.Bh1 Rc7+  0-1

[Event "Cup"]
[Site "Kali HUN"]
[Date "2002.01.20"]
[Round "5"]
[White "Fodre,S"]
[Black "Kosztolanczi,G"]
[Result "1-0"]
[WhiteElo "2207"]
[BlackElo "2192"]

1.e4 c5 2.c3 Nf6 3.e5 Nd5 4.d4 cxd4 5.Nf3 Nc6 6.cxd4 d6 7.Bc4 Nb6 8.Bb5 dxe5
9.Nxe5 Bd7 10.Bxc6 Bxc6 11.Nxc6 bxc6 12.O-O g6 13.Re1 Bg7 14.Bg5 O-O 15.Bxe7 Qxd4
16.Nc3 Qxd1 17.Raxd1 Rfe8 18.Bc5 Nc4 19.Rxe8+ Rxe8 20.Na4 Bxb2 21.Bxa7 Bf6
22.g3 Re2 23.Rc1 Ne5 24.a3 g5 25.h3 h5 26.Nc3 Nf3+ 27.Kf1 Re6 28.Be3 c5 29.Nd5 Bd4
30.Ke2 g4 31.Nf4 Bxe3 32.fxe3 Rd6 33.hxg4 hxg4 34.Nd3 Rh6 35.Rxc5 Rh3 36.Ne5 Rxg3
37.Kf2 Rh3 38.Nxg4 Nd2 39.Kg2 Rh4 40.Kg3 Rh1 41.Rc2 Ne4+ 42.Kf4 Nd6  1-0

[Event "Cup"]
[Site "Kali HUN"]
[Date "2002.01.23"]
[Round "8"]
[White "Fodre,S"]
[Black "Istvandi,L"]
[Result "1/2-1/2"]
[WhiteElo "2207"]
[BlackElo "2286"]

1.e4 c5 2.c3 Nf6 3.e5 Nd5 4.d4 cxd4 5.cxd4 e6 6.Nf3 b6 7.Nc3 Nxc3 8.bxc3 Qc7
9.Bd2 Be7 10.Be2 Ba6 11.O-O Bxe2 12.Qxe2 d6  1/2-1/2

[Event "18th Open"]
[Site "Skopje MKD"]
[Date "2002.01.23"]
[Round "9"]
[White "Dancevski,O"]
[Black "Andonovski,L"]
[Result "1/2-1/2"]
[WhiteElo "2429"]
[BlackElo "2330"]

1.e4 c5 2.c3 Nf6 3.e5 Nd5 4.d4 cxd4 5.Nf3 Nc6 6.Bc4 Nb6 7.Bb3 g6 8.cxd4 Bg7
9.Ng5 O-O 10.Be3 Na5 11.Nd2 Nxb3 12.Qxb3 d6 13.e6 Bxe6 14.Nxe6 fxe6 15.Qxe6+ Rf7
16.Rc1 Qd7 17.Qxd7 Nxd7 18.Ne4 Nf6 19.Ng5 Rff8 20.Rc7 Nd5 21.Rxb7 Rfb8 22.Rxb8+ Rxb8
23.b3 Nxe3 24.fxe3 Bh6 25.h4 Bxg5 26.hxg5 Rb5 27.O-O a5 28.Rc1 Kf7 29.Rc4 Rxg5
30.Kf2 h5 31.e4 Rb5 32.Kf3 g5 33.Ke3 Kf6 34.g3 Rb4 35.Rc8 a4 36.Rc3 axb3
37.axb3 e6 38.Rd3 Ke7 39.Kd2 Rb8 40.Rc3 Kd7 41.Rf3 Ke7 42.Rc3 Kf6 43.Rf3+ Kg6
44.Kc3 Rh8 45.e5 dxe5 46.dxe5 h4 47.g4 h3 48.Rf1 Rh4 49.Rh1 Rxg4 50.Rxh3 Rh4
51.Rf3 g4 52.Rf6+ Kg5 53.Rxe6 g3 54.Re8 Rh6 55.Rg8+ Rg6 56.Rd8 Kf5 57.Rd1 Kxe5
58.Kc4 g2 59.Rg1 Ke4 60.b4 Ke3 61.b5 Kf2 62.Rxg2+ Rxg2 63.Kc5 Ke3 64.b6 Rc2+
65.Kd6  1/2-1/2

[Event "39th BPCL ch-IND"]
[Site "Nagpur IND"]
[Date "2002.01.25"]
[Round "10"]
[White "Koshy,V"]
[Black "Ramesh,R"]
[Result "1/2-1/2"]
[WhiteElo "2347"]
[BlackElo "2480"]

1.e4 c5 2.c3 Nf6 3.d3 e5 4.f4 d6 5.Nf3 Nc6 6.Be2 Be7 7.O-O O-O 8.a3 Bg4 9.h3 Bxf3
10.Bxf3 Rc8 11.b4 a6 12.g4 exf4 13.Bxf4 Ne5 14.Bg2 Ng6 15.Bg3 h6 16.Nd2 cxb4
17.cxb4 Ne8 18.Nf3 Nc7 19.Rc1 Ne6 20.Rxc8 Qxc8 21.Qd2 Qd8 22.Rc1 Ng5 23.Nd4 Bf6
24.Nf5 Be5 25.Qf2 Ne7 26.d4 Nxf5 27.gxf5 Bxg3 28.Qxg3 Re8 29.Re1 Qf6 30.Qf2 b6
31.h4 Nh7 32.Rc1 Qe7 33.Rc6 a5 34.b5 Nf6 35.Qf4 Nh5 36.Qg4 Nf6 37.Qf4 Nh5
38.Qg4 Nf6  1/2-1/2

[Event "90th LSK Metalka Trgovina"]
[Site "Ljubljana SLO"]
[Date "2002.01.26"]
[Round "7"]
[White "Pavasovic,D"]
[Black "Kharlov,A"]
[Result "1/2-1/2"]
[WhiteElo "2547"]
[BlackElo "2638"]

1.e4 c5 2.c3 Nf6 3.e5 Nd5 4.Nf3 Nc6 5.Bc4 Nb6 6.Bb3 d6 7.exd6 Qxd6 8.Na3 Be6
9.d4 Bxb3 10.Qxb3 cxd4 11.Nb5 Qd7 12.Nbxd4 Nxd4 13.Nxd4 e6 14.O-O Be7 15.Rd1 O-O
16.Nb5 Qc6 17.Be3 Bc5 18.Bxc5  1/2-1/2

[Event "90th LSK Metalka Trgovina"]
[Site "Ljubljana SLO"]
[Date "2002.01.28"]
[Round "9"]
[White "Sveshnikov,E"]
[Black "Pavasovic,D"]
[Result "1/2-1/2"]
[WhiteElo "2565"]
[BlackElo "2547"]

1.e4 c5 2.c3 Nf6 3.e5 Nd5 4.Nf3 Nc6 5.Bc4 Nb6 6.Bb3 c4 7.Bc2 Qc7 8.Qe2 g5
9.e6 dxe6 10.Nxg5 Qe5 11.Ne4 f5 12.Ng3 Qxe2+ 13.Kxe2 h5  1/2-1/2

[Event "7th HIT Open"]
[Site "Nova Gorica SLO"]
[Date "2002.02.01"]
[Round "2"]
[White "Skoberne,J"]
[Black "Pavasovic,D"]
[Result "0-1"]
[WhiteElo "2205"]
[BlackElo "2547"]

1.e4 c5 2.c3 Nf6 3.e5 Nd5 4.d4 cxd4 5.cxd4 d6 6.Bc4 Nb6 7.Bb3 Nc6 8.Nf3 dxe5
9.dxe5 Qxd1+ 10.Bxd1 h6 11.O-O g5 12.Re1 Bg7 13.h3 Nc4 14.Ba4 Bd7 15.Bxc6 Bxc6
16.b3 Bxf3 17.bxc4 Bc6 18.Bb2 Rd8 19.Nc3 O-O 20.Rac1 Rfe8 21.Ba3 Rd3 22.Bb4 Rd4
23.Nd1 a6 24.Ne3 Be4 25.f3 Bd3 26.Bc5 Rd7 27.Nd5 Bf5 28.Rcd1 Be6 29.a4 Kh7
30.Bb6 Rc8 31.Rd4 a5 32.Re2 Rc6 33.Bxa5 Ra6 34.Bc3 Rxa4 35.Nb6 Rxd4 36.Bxd4 Bxc4
37.Nxa4 Bxe2 38.Kf2 Bc4 39.Nb2 Bb5 40.Nd1 Kg6 41.Ne3 Bc6 42.Ke2 h5 43.Kd3 Bb5+
44.Kd2 h4 45.Ke1 f5 46.Nd5 e6 47.Ne3 Kf7 48.Kf2 Bd3 49.Ke1 Bf8 50.Kf2 Ke8
51.Nd1 f4 52.Bb6 Kd7 53.Nc3 Be7  0-1

[Event "FSIM February"]
[Site "Budapest HUN"]
[Date "2002.02.02"]
[Round "1"]
[White "Kun,G"]
[Black "Bonnet,E1"]
[Result "1-0"]
[WhiteElo "2313"]
[BlackElo "2197"]

1.e4 c5 2.c3 Nf6 3.e5 Nd5 4.d4 cxd4 5.Qxd4 e6 6.Nf3 Nc6 7.Qe4 f5 8.exf6 Nxf6
9.Qh4 d5 10.Bd3 Bd6 11.Bg5 e5 12.Bg6+ Ke7 13.Bc2 Be6 14.O-O Qf8 15.c4 dxc4
16.Nc3 h6 17.Bxf6+ Qxf6 18.Qe4 g5 19.Nd5+ Bxd5 20.Qxd5 Qe6 21.Qb5 Rab8 22.Be4 a6
23.Qa4 Rhf8 24.Rad1 Rf4 25.Bd5 Qd7 26.Qc2 Kf6 27.g3 Rxf3 28.Bxf3 Nd4 29.Qe4 Qc6
30.Qxd4 exd4 31.Bxc6 bxc6 32.Rxd4 Ke5 33.Rxc4 Rxb2 34.Ra4 Rb6 35.Re1+ Kd5
36.Re3 c5 37.Rd3+ Kc6 38.Rb3 Be5 39.Kf1 Bd4 40.Ke2 Kc7 41.Rxb6 Kxb6 42.f4 gxf4
43.gxf4 Kb5 44.Ra3 c4 45.f5 a5 46.Rf3 Bf6 47.Re3  1-0

[Event "TCh-FRA Nat 1"]
[Site "Monaco FRA"]
[Date "2002.02.03"]
[Round "3"]
[White "Jonkman,H"]
[Black "Tirard,H"]
[Result "0-1"]
[WhiteElo "2498"]
[BlackElo "2401"]

1.e4 c5 2.c3 Nf6 3.e5 Nd5 4.Nf3 Nc6 5.Bc4 Nb6 6.Bb3 c4 7.Bc2 d6 8.exd6 Qxd6
9.O-O Bg4 10.Re1 Ne5 11.Rxe5 Bxf3 12.Qe1 Bd5 13.b3 e6 14.Ba3 Qc6 15.Bxf8 Kxf8
16.Rg5 f6 17.Rg3 h5 18.h4 g5 19.bxc4 Nxc4 20.d3 Ne5 21.c4 Bxg2 22.Qb4+ Kf7
23.Rxg2 Nf3+ 24.Kf1 g4 25.Ba4 b5 26.Bb3 Qc7 27.Nd2  0-1

[Event "Aeroflot Open"]
[Site "Moscow RUS"]
[Date "2002.02.05"]
[Round "1"]
[White "Erenburg,S"]
[Black "Dvoirys,S"]
[Result "1/2-1/2"]
[WhiteElo "2436"]
[BlackElo "2563"]

1.e4 c5 2.c3 Nf6 3.e5 Nd5 4.d4 cxd4 5.Nf3 d6 6.Bc4 Nb6 7.Bb3 d5 8.Nxd4 Nc6
9.f4 Nxd4 10.cxd4 Bf5 11.O-O h5 12.Na3 e6 13.Nc2 g6 14.Ne3 Be4 15.Bd2 Be7
16.Ba5 Qd7 17.Qe2 Kf8 18.Rac1 Kg7 19.Rc3 Rac8 20.Rfc1 Rxc3 21.Rxc3 Na8 22.Rc1 Rc8
23.Rxc8 Qxc8 24.Bc2 Bxc2 25.Qxc2  1/2-1/2

[Event "7th HIT Open"]
[Site "Nova Gorica SLO"]
[Date "2002.02.06"]
[Round "7"]
[White "Skok,J"]
[Black "Stantic,S"]
[Result "1/2-1/2"]
[WhiteElo "2112"]
[BlackElo "2130"]

1.e4 c5 2.c3 Nf6 3.e5 Nd5 4.Nf3 e6 5.Bc4 Nb6 6.Bb3 Nc6 7.O-O Be7 8.d4 cxd4
9.cxd4 Nb4 10.Nc3 O-O 11.a3 N4d5 12.Bxd5 Nxd5 13.Nxd5 exd5 14.Qb3 Qa5 15.Bd2 Qb6
16.Qxd5 Qxb2 17.Rfc1 Qb6 18.Bg5 Qd8 19.Bf4 Qb6 20.Bg5 Qd8 21.Bf4 Qb6 22.a4 Qe6
23.Qb5 d5 24.Rc7 Bd8 25.Rc5 a6 26.Qb3 b6 27.Qxd5 bxc5 28.Qxa8 cxd4 29.Nxd4 Qc4
30.Be3 Bd7 31.a5 Qc3 32.Rd1 Qxa5 33.Qb7 Ba4 34.Nc6 Bxc6 35.Qxc6 Qxe5 36.Qxa6 Bf6  1/2-1/2

[Event "Aeroflot Open"]
[Site "Moscow RUS"]
[Date "2002.02.07"]
[Round "4"]
[White "Sveshnikov,E"]
[Black "Zubarev,A1"]
[Result "1-0"]
[WhiteElo "2565"]
[BlackElo "2480"]

1.e4 c5 2.c3 Nf6 3.e5 Nd5 4.Nf3 e6 5.Bc4 d6 6.d4 Nc6 7.O-O cxd4 8.cxd4 Be7
9.Qe2 O-O 10.Re1 Qb6 11.Qe4 dxe5 12.dxe5 Bc5 13.Re2 Nd4 14.Nxd4 Bxd4 15.Na3 f5
16.Qf3 Nb4 17.Bf4 Bd7 18.Rd1 Ba4 19.b3 Bc6 20.Bxe6+ Kh8 21.Qg3 Rad8 22.Red2 Nxa2
23.Nc4 Qc5 24.Bg5 Rde8 25.Rxd4 Rxe6 26.Rd6 Rxd6 27.exd6 f4 28.Bxf4 Nc3 29.Qxc3 Rxf4
30.Qe3 Qg5 31.f3 h6 32.d7  1-0

[Event "7th HIT Open"]
[Site "Nova Gorica SLO"]
[Date "2002.02.07"]
[Round "8"]
[White "Ursic,M"]
[Black "Jeric,S"]
[Result "0-1"]
[WhiteElo "2078"]
[BlackElo "2303"]

1.e4 c5 2.c3 Nf6 3.e5 Nd5 4.d4 cxd4 5.Nf3 e6 6.cxd4 d6 7.Bc4 Nc6 8.Qe2 Be7
9.O-O O-O 10.Nc3 Nxc3 11.bxc3 dxe5 12.dxe5 Qa5 13.Bd2 Rd8 14.Bd3 Qa4 15.Bg5 Qg4
16.h4 Bxg5 17.hxg5 b6 18.Qc2 Bb7 19.Nh2 Qxg5 20.Bxh7+ Kh8 21.f4 Qe7 22.Be4 Rac8
23.Qe2 g6 24.f5 Qc5+ 25.Kh1 Qxe5 26.fxg6 fxg6 27.Qg4 Rd7 28.Bxg6 Rg7 29.Qh4+ Kg8
30.Ng4 Rxg6 31.Nxe5 Nxe5 32.Qf2 Kg7 33.Rfe1 Nf3 34.g3 Nxe1+ 35.Kg1 Nf3+ 36.Kf1 Rh6  0-1

[Event "FSIM February"]
[Site "Budapest HUN"]
[Date "2002.02.09"]
[Round "8"]
[White "Kun,G"]
[Black "Boros,De"]
[Result "0-1"]
[WhiteElo "2313"]
[BlackElo "2240"]

1.e4 c5 2.c3 Nf6 3.e5 Nd5 4.d4 cxd4 5.Qxd4 e6 6.Nf3 Nc6 7.Qe4 d6 8.Bb5 Bd7
9.c4 Nc7 10.Bg5 f6 11.exf6 gxf6 12.Bh4 a6 13.Bxc6 Bxc6 14.Qg4 Qe7 15.Nd4 Qg7
16.Qh5+ Qf7 17.Qxf7+ Kxf7 18.Nxc6 bxc6 19.Nc3 e5 20.f4 Rb8 21.fxe5 dxe5 22.O-O Be7
23.Ne4 Ne8 24.Rf2 Ke6 25.Rd1 Rg8 26.h3 Rg6 27.Rfd2 Rh6 28.Bf2 a5 29.b3 a4
30.Nc5+ Bxc5 31.Bxc5 axb3 32.axb3 Rxb3 33.Rd8 Ng7 34.R8d6+ Kf5 35.Rf1+ Kg5
36.Rxc6 Nh5 37.Re1 Nf4 38.Be3 Kh4 39.Rf1 Rxe3  0-1

[Event "Aeroflot Open"]
[Site "Moscow RUS"]
[Date "2002.02.10"]
[Round "9"]
[White "Erenburg,S"]
[Black "Kim,A"]
[Result "1-0"]
[WhiteElo "2436"]
[BlackElo "2414"]

1.e4 c5 2.c3 Nf6 3.e5 Nd5 4.d4 cxd4 5.cxd4 g6 6.Nc3 Nxc3 7.bxc3 d5 8.Bd3 Bg7
9.Ne2 Nc6 10.O-O O-O 11.f4 Bf5 12.Bxf5 gxf5 13.Rf3 f6 14.Rh3 e6 15.Ng3 Rf7
16.Nh5 Ne7 17.exf6 Bxf6 18.Qe1 Qb6 19.Re3 Nc6 20.Rxe6 Be7 21.Be3 Rc8 22.Bf2 Qc7
23.Bh4 Bxh4 24.Qxh4 Rcf8 25.Rae1 Qd8 26.Qxd8 Nxd8 27.Rd6 b6 28.Rxd5 Rc7 29.Re3 Nc6  1-0

[Event "Petrov Mem Open"]
[Site "St Petersburg RUS"]
[Date "2002.02.12"]
[Round "1"]
[White "Alikhanov,F"]
[Black "Shaposhnikov,E"]
[Result "0-1"]
[WhiteElo "2305"]
[BlackElo "2523"]

1.e4 c5 2.c3 Nf6 3.e5 Nd5 4.Nf3 d6 5.d4 cxd4 6.cxd4 Nc6 7.Bc4 Nb6 8.Bb5 d5
9.O-O Bf5 10.Nc3 e6 11.Bg5 Be7 12.Bxe7 Qxe7 13.Na4 O-O 14.Bxc6 bxc6 15.Nc5 Bg4
16.h3 Bh5 17.Qd3 Nc4 18.b3 Bxf3 19.bxc4 Bh5 20.cxd5 cxd5 21.Qa6 Qh4 22.Nb3 Qg5
23.Kh1 Qd8 24.Nc5 Bg6 25.Rac1 Qb6 26.Qxb6 axb6 27.Nd7 Rfd8 28.Nxb6 Rxa2 29.Rc6 h5
30.Nc8 Rd2 31.Ne7+ Kh7 32.Nxg6 Kxg6 33.f4 Kf5 34.Rc7 Rf8 35.g3 Rxd4 36.Kg2 Rd2+
37.Kf3 Rd3+ 38.Kg2 Ke4 39.Re1+ Re3 40.Rd1 Re2+ 41.Kf1 Re3 42.Kf2 h4 43.gxh4 Rxh3  0-1

[Event "XVIII Open"]
[Site "Cappelle la Grande FRA"]
[Date "2002.02.14"]
[Round "6"]
[White "Dgebuadze,A"]
[Black "Kalod,R"]
[Result "1/2-1/2"]
[WhiteElo "2544"]
[BlackElo "2462"]

1.e4 c5 2.c3 Nf6 3.e5 Nd5 4.d4 cxd4 5.Nf3 e6 6.Qxd4 Nc6 7.Qe4 d6 8.exd6 Bxd6
9.Bb5 Qc7 10.O-O O-O 11.Ba4 Ne5 12.Nxe5 Bxe5 13.h3 b6 14.Na3 Bb7 15.Bc2 g6
16.Nb5 Qd8  1/2-1/2

[Event "Petrov Mem Open"]
[Site "St Petersburg RUS"]
[Date "2002.02.14"]
[Round "3"]
[White "Malysheva,P"]
[Black "Kachar,V"]
[Result "1/2-1/2"]
[WhiteElo "2104"]
[BlackElo "2363"]

1.e4 c5 2.c3 Nf6 3.e5 Nd5 4.d4 cxd4 5.Nf3 Nc6 6.cxd4 d6 7.Bc4 e6 8.O-O Be7
9.Re1 O-O 10.Nbd2 dxe5 11.dxe5 Nf4 12.Re4 Ng6 13.Qe2 b6 14.h4 Bb7 15.h5 Nh4
16.Nxh4 Bxh4 17.Nf3 Be7 18.Rg4 Kh8 19.Bg5 Bxg5 20.Nxg5 h6 21.Qe4 hxg5 22.Bd3 g6
23.hxg6 Kg7 24.gxf7 Rxf7 25.Qg6+ Kf8 26.Qh6+ Ke7 27.Bc4 Qd7 28.Qxg5+ Ke8
29.Qh6 Ke7 30.Qh4+ Kf8  1/2-1/2

[Event "Petrov Mem Open"]
[Site "St Petersburg RUS"]
[Date "2002.02.17"]
[Round "6"]
[White "Malysheva,P"]
[Black "Aleksandrov,D"]
[Result "1-0"]
[WhiteElo "2104"]
[BlackElo "2264"]

1.e4 c5 2.c3 Nf6 3.e5 Nd5 4.d4 cxd4 5.Nf3 Nc6 6.cxd4 d6 7.Bc4 Nb6 8.Bb5 Bd7
9.Nc3 dxe5 10.dxe5 e6 11.O-O Be7 12.a3 Qc7 13.Re1 Rd8 14.Qe2 Na5 15.Bg5 Bc6
16.b4 Nd5 17.Ne4 a6 18.Nd6+ Bxd6 19.Bxd8 Qxd8 20.Bxc6+ Nxc6 21.exd6 Qxd6
22.Ne5 Nce7 23.Qc4 f6 24.Nd3 e5 25.Nc5 b5 26.Qg4 Kf7 27.Rad1 g6 28.Qd7 Qxd7
29.Nxd7 Ra8 30.g4 Ra7 31.Nc5 a5 32.bxa5 Rxa5 33.g5 Rxa3 34.Nd7 fxg5 35.Nxe5+ Kf6
36.Nc6 Ra6 37.Nxe7 Nxe7 38.Rd7 Re6 39.Rxe6+ Kxe6 40.Rb7 Nd5 41.Rxb5 Nf4 42.f3 h6
43.Kf2 Nd5 44.Ra5 Ke5 45.Kg3 Ke6 46.Ra8 Ne7 47.Ra6+ Ke5 48.Kf2 Kf5 49.Ke3 Nd5+
50.Kd4 Nf4 51.Ra5+ Kf6 52.Ke4 h5 53.Ra6+ Kf7 54.Rd6 h4 55.Ke5 Ke7 56.Rd4 h3
57.Rd2 Nh5 58.Ra2 Kf7 59.Ra7+ Kg8 60.Ke6 Kf8 61.Ra5 Kg7 62.Rxg5 Nf4+ 63.Ke7 Ne2
64.Rg4 Nc3 65.Ke6 Nd1 66.Rg3 Nf2 67.f4 Kh6 68.Kf7 Kh5 69.Rg5+ Kh4 70.Kxg6 Nd3
71.Kf5 Ne5 72.Rh5+ Kxh5 73.fxe5  1-0